Statistics for Cosmic Love by Florence + the Machine Lyrics quiz

Click here to take the quiz!

General Stats

  • This quiz has been taken 337 times
  • The average score is 168 of 192

Answer Stats

HintAnswer% Correct
A
100%
a
100%
I
100%
the
99%
The
99%
in
98%
you
97%
star
96%
hear
95%
moon
94%
your
94%
And
93%
and
93%
heart
93%
my
93%
me
92%
stars
92%
dark
91%
from
91%
all
90%
falling
90%
they
90%
No
89%
no
89%
fell
88%
have
88%
of
88%
been
86%
day
86%
landed
86%
shadow
86%
twilight
86%
always
85%
I'm
85%
left
85%
this
85%
it
84%
out
84%
so
84%
blown
83%
dawn
83%
eyes
83%
to
83%
can
82%
darkness
82%
blind
78%
became
77%
then
77%
Then
77%
too
77%
find
74%
as
73%
beating
72%
heartbeat
72%
through
72%
way
72%
back
71%
but
71%
heard
71%
it's
71%
made
71%
stayed
71%
with
71%
that
70%
took
70%
were
70%
somehow
69%
tried
69%
was
68%
screamed
67%
aloud
66%
now
66%
stopped
66%
tore
66%
map
65%
them
65%
knew
64%
sound
63%
would
63%

Score Distribution

Percentile by Number Answered

Percent of People with Each Score

Your Score History

You have not taken this quiz